| 000 | 01529cam a22003614a 4500 | ||
|---|---|---|---|
| 001 | 14840585 | ||
| 005 | 20080425153841.0 | ||
| 008 | 070507s2008 mauab |rb 001 0 eng | ||
| 010 | _a 2007019117 | ||
| 020 | _a0073523097 (alk. paper) | ||
| 020 | _a9780073523095 | ||
| 020 | _a0073523097 | ||
| 035 | _a(OCoLC)ocn124074999 | ||
| 035 |
_a(OCoLC)124074999 _z(OCoLC)148813501 |
||
| 040 |
_aDLC _cDLC _dYDX _dBAKER _dBTCTA _dYDXCP _dDLC |
||
| 050 | 0 | 0 |
_aHG221 _b.C386 2008 |
| 082 | 0 | 0 |
_a332 _222 _bCEC |
| 100 | 1 |
_aCecchetti, Stephen G. _q(Stephen Giovanni) _913211 |
|
| 245 | 1 | 0 |
_aMoney, Banking, and Financial Markets / _cStephen G. Cecchetti. |
| 250 | _a2nd ed. | ||
| 260 |
_aBoston : _bMcGraw-Hill Irwin, 2008 _cc2008. |
||
| 300 |
_axxxv, 595, [35] p. : _bill. (some col.), col. maps ; _c27 cm. |
||
| 504 | _aIncludes bibliographical references and index. | ||
| 650 | 0 |
_aMoney. _913212 |
|
| 650 | 0 |
_aBanks and banking. _913213 |
|
| 650 | 0 |
_aFinance. _913214 |
|
| 650 | 0 |
_aCapital market. _913215 |
|
| 856 | 4 | 1 |
_3Table of contents only _uhttp://www.loc.gov/catdir/toc/ecip0717/2007019117.html |
| 856 | 4 | 2 |
_3Publisher description _uhttp://www.loc.gov/catdir/enhancements/fy0743/2007019117-d.html |
| 942 |
_2ddc _cBB |
||
| 999 |
_c13804 _d13804 |
||